|
|
|
|
| LEADER |
00000nab a2200000u 4500 |
| 001 |
vtls011789542 |
| 003 |
SK-MaSNL |
| 005 |
20260304120602.0 |
| 008 |
181108|2018 xo ||||||| || ||slo| |
| 038 |
|
|
|a KEVKJB
|
| 040 |
|
|
|a KEVKJB
|b slo
|c KEVKJB
|e rda
|
| 041 |
0 |
|
|a slo
|
| 043 |
|
|
|a e-xo---
|
| 044 |
|
|
|a xo
|c SK
|
| 072 |
|
7 |
|a 82
|x Literatúra. Literárny život
|2 konspekt
|
| 080 |
|
|
|a 82:7.079
|2 2011
|
| 100 |
1 |
|
|a Šikulová, Veronika,
|d 1967-
|4 aut
|9 100923
|
| 245 |
1 |
0 |
|a Projekt vracia čítanie do rodín
|c Veronika Šikulová
|
| 300 |
|
|
|b Fotografie
|
| 336 |
|
|
|a text
|b txt
|2 rdacontent
|
| 337 |
|
|
|a bez média
|b n
|2 rdamedia
|
| 338 |
|
|
|a zväzok
|b nc
|2 rdacarrier
|
| 610 |
2 |
7 |
|a Knižnica pre mládež mesta Košice
|2 kevkjb
|9 32636
|
| 611 |
2 |
7 |
|a Číta celá rodina
|g festival
|n (8. :
|d 2018 :
|c Košice, Slovensko)
|2 kevkjb
|9 1416652
|
| 650 |
0 |
7 |
|a literárne festivaly
|2 kevkjb
|9 68768
|
| 650 |
0 |
7 |
|a čítanie
|2 kevkjb
|9 1654
|
| 651 |
|
7 |
|a Košice (Slovensko)
|2 kevkjb
|9 18694
|
| 655 |
|
7 |
|a reportáže
|2 kevkjb
|9 28856
|
| 773 |
0 |
|
|t Knižná revue
|g Roč. XXVIII., č. 10 (2018), s. 8
|x 1210-1982
|
| 852 |
|
|
|a KEVKJB
|b KIS3GCP
|
| 958 |
|
|
|a KL
|
| 999 |
|
|
|c 2880748
|d 2882678
|